| 000 | 00000nam##2200000za#4500 |
| 001 | 9.607851 |
| 003 | CaOODSP |
| 005 | 20240612102648 |
| 007 | cr ||||||||||| |
| 008 | 150406|2003||||xxc|||||o f|0| 0 fre|d |
| 040 | |aCaOODSP|bfre |
| 043 | |an-cn--- |
| 086 | 1 |aRv55-5/11-10-2-2003F-PDF |
| 110 | 2 |aAgence des services frontaliers du Canada. |
| 245 | 10|aApplication de la Loi sur la compétence extracôtière du Canada pour les douanes et l'accise - activités des navires sismologiques |h[ressource électronique] |
| 260 | |aOttawa - Ontario : |bAgence des services frontaliers du Canada |
| 300 | |a6p. |
| 490 | 1 |aMémorandums D des douanes. D11, Renseignements généraux sur le tarif |vD11-10-2, le 18 juillet 2003 |
| 590 | |a14-17-Supp|b2014-10-09 |
| 775 | 08|tAdministration of the Customs and Excise Offshore Application Act - seismic vessel activity |w(CaOODSP)9.580948 |
| 830 | #0|aMémorandums D des douanes. D11, Renseignements généraux sur le tarif ;|vD11-10-2, le 18 juillet 2003|w(CaOODSP)9.816826 |
| 856 | 40|ahttp://publications.gc.ca|qPDF|s240 Ko|uhttps://publications.gc.ca/collections/collection_2014/asfc-cbsa/Rv55-5-11-10-2-2003-fra.pdf|yD11-10-2, le 18 juillet 2003 |